Mechanics of Materials / (Record no. 10035)
[ view plain ]
| 000 -LEADER | |
|---|---|
| fixed length control field | 00579nam a22001937a 4500 |
| 003 - CONTROL NUMBER IDENTIFIER | |
| control field | OSt |
| 005 - DATE AND TIME OF LATEST TRANSACTION | |
| control field | 20260428082221.0 |
| 008 - FIXED-LENGTH DATA ELEMENTS--GENERAL INFORMATION | |
| fixed length control field | 260428b |||||||| |||| 00| 0 eng d |
| 020 ## - INTERNATIONAL STANDARD BOOK NUMBER | |
| International Standard Book Number | 13 978-0-471-70511-6 |
| 040 ## - CATALOGING SOURCE | |
| Original cataloging agency | DWC-Main lib |
| Transcribing agency | OC |
| 082 ## - DEWEY DECIMAL CLASSIFICATION NUMBER | |
| Edition number | 6th Edition |
| Classification number | Circ. 620.11 R573m 2007 |
| 100 ## - MAIN ENTRY--PERSONAL NAME | |
| Personal name | Riley, Williams |
| 245 ## - TITLE STATEMENT | |
| Title | Mechanics of Materials / |
| Statement of responsibility, etc. | William Riley |
| 250 ## - EDITION STATEMENT | |
| Edition statement | 6th Edition |
| 260 ## - PUBLICATION, DISTRIBUTION, ETC. | |
| Place of publication, distribution, etc. | United States |
| Name of publisher, distributor, etc. | John Wiley & Sons, Inc. |
| Date of publication, distribution, etc. | c2007. |
| 700 ## - ADDED ENTRY--PERSONAL NAME | |
| Personal name | Leroy Sturges |
| 700 ## - ADDED ENTRY--PERSONAL NAME | |
| Personal name | Don Morris |
| 942 ## - ADDED ENTRY ELEMENTS (KOHA) | |
| Source of classification or shelving scheme | Dewey Decimal Classification |
| Koha item type | Book Circulation |
| Edition | 6th Edition |
| Call number prefix | Circ. |
| Suppress in OPAC | No |
| 952 ## - LOCATION AND ITEM INFORMATION (KOHA) | |
| -- | |
| Withdrawn status | Lost status | Source of classification or shelving scheme | Damaged status | Not for loan | Home library | Current library | Shelving location | Date acquired | Source of acquisition | Total Checkouts | Full call number | Barcode | Date last seen | Copy number | Price effective from | Koha item type | Uniform Resource Identifier |
|---|---|---|---|---|---|---|---|---|---|---|---|---|---|---|---|---|---|
| Dewey Decimal Classification | College Library | College Library | Circulation | 04/28/2026 | School Fund | Circ. 620.11 R573m 2007 | CL49237 | 04/28/2026 | c1 | 04/28/2026 | BK-CIRC |